| 000 | 00456nam a2200181 a 4500 | ||
|---|---|---|---|
| 001 | BRCA_2695 | ||
| 005 | 20190320203928.0 | ||
| 008 | 021208s1961----enka---###---#000-0#eng-u | ||
| 050 | 4 |
_aTS542 _b.F54 1961 |
|
| 100 | 1 |
_aFleet, Simon _97632 |
|
| 245 | 1 | 0 |
_aClocks _cSimon Fleet. |
| 260 |
_aLondon _bWeidenfeld and Nicolson _c1961 |
||
| 300 |
_a128 p. _bil. _c22 cm. |
||
| 500 | _aAA46 | ||
| 650 | 1 | 4 |
_aRelojes _xHistoria _97633 |
| 902 | _aGFM | ||
| 942 |
_2lcc _cB |
||
| 999 |
_c2435 _d2435 |
||